Poesías y canciones a la patria : (Record no. 45307)
[ view plain ]
| 000 -CABECERA | |
|---|---|
| campo de control de longitud fija | 00836nam a2200193 a 4500 |
| 001 - NÚMERO DE CONTROL | |
| campo de control | 000045818 |
| 005 - FECHA Y HORA DE LA ÚLTIMA TRANSACCIÓN | |
| campo de control | 20250221073755.0 |
| 008 - DATOS DE LONGITUD FIJA--INFORMACIÓN GENERAL | |
| campo de control de longitud fija | 150515s1998 dr 000 p spa d |
| 040 ## - FUENTE DE LA CATALOGACIÓN | |
| Centro catalogador/agencia de origen | DO-SdBNP |
| Lengua de catalogación | spa |
| Centro/agencia transcriptor | BNPHU |
| 082 ## - NÚMERO DE LA CLASIFICACIÓN DECIMAL DEWEY | |
| Número de clasificación | xxxx |
| Número de documento/Ítem | xxxx |
| 245 00 - MENCIÓN DE TÍTULO | |
| Título | Poesías y canciones a la patria : |
| Resto del título | de como los dominicanos han sentido la patria a través de la historia / |
| Mención de responsabilidad, etc. | Fiume Gómez Sánchez Bienvenida, compilador ; presentación Maritza Rossi de Pérez. |
| 260 ## - PUBLICACIÓN, DISTRIBUCIÓN, ETC. | |
| Lugar de publicación, distribución, etc. | Santo Domingo : |
| Nombre del editor, distribuidor, etc. | ONE, |
| Fecha de publicación, distribución, etc. | 1998. |
| 300 ## - DESCRIPCIÓN FÍSICA | |
| Extensión | 381 p. ; |
| Dimensiones | 21 cm. |
| 500 ## - NOTA GENERAL | |
| Nota general | Perteneció a la biblioteca personal de Erick Landestoy. |
| 504 ## - NOTA DE BIBLIOGRAFÍA, ETC. | |
| Nota de bibliografía, etc. | Bibliografía : p. 377-381 |
| 700 12 - PUNTO DE ACCESO ADICIONAL--NOMBRE DE PERSONA | |
| Nombre de persona | Pérez, Maritza Rossi de, |
| Término indicativo de función/relación | pres. |
| 9 (RLIN) | 64618 |
| 700 1# - PUNTO DE ACCESO ADICIONAL--NOMBRE DE PERSONA | |
| Nombre de persona | Gómez Sánchez, Fiume Bienvenida, |
| Fechas asociadas al nombre | 1941- |
| Término indicativo de función/relación | comp. |
| 9 (RLIN) | 25162 |
| 710 12 - PUNTO DE ACCESO ADICIONAL--NOMBRE DE ENTIDAD CORPORATIVA | |
| Nombre de entidad corporativa o nombre de jurisdicción como elemento de entrada | República Dominicana. |
| Unidad subordinada | Oficina Nacional de Estadística |
| 9 (RLIN) | 5775 |
| Estado de retiro | Estado de pérdida | No para préstamo | Código de colección | Localización permanente | Ubicación/localización actual | Ubicación en estantería | Fecha de adquisición | Número de inventario | Total de préstamos | Signatura topográfica completa | Código de barras | Fecha visto por última vez | Precio válido a partir de | Tipo de ítem Koha | Nota pública |
|---|---|---|---|---|---|---|---|---|---|---|---|---|---|---|---|
| Excluido de préstamo | Patrimonio Dominicano | Patrimonio Dominicano | Patrimonio Dominicano | En catalogación | 15.05.2015 | LF1 | xxxx xxxx | 45818-10 | 25.06.2020 | 25.06.2020 | Libro y Folleto Colección Patrimonio Dominicano | Perteneció a la biblioteca personal de Erick Landestoy. |
